00703nam a2200241 a 4500001001300000003000900013005001700022008004100039020001000080082001500090100002000105245006000125260004600185300000900231500003500240505001300275650002800288700002000316902000800336942000700344952009500351999001500446nice12345678IN_TiNIC20260116011848.0050524s1915 caia grp 000 0 ara  ac10000a242.2bGAI aGairdner, W H T aSalasa Wa Tasoona Qarat-E-Fi Mulakhassa Al Ahdal Qadeem aCairobUniversity of Biship`s Pressc1915 a116p aincludes index and biblioraphy2 aArchives aMeditation-Christianity1 aGairdner, W H T bRBA cBK 00104070aHMIbHMId2007-06-29g100.00l0o242.2 GAIp5120r2007-06-29w2026-01-16yARB c4529d4529